Ładuje się......

National bibliography of Indian literature 1901-1980 /

Opis bibliograficzny
Format: Printed Book
Język:English
Wydane: New Delhi: Sahitya Akademi, 1990.
Wydanie:1st ed.
Hasła przedmiotowe:
LEADER 00588cam a2200181ua 4500
008 060815t1990||||||||||| 00 ||eng c
041 0 |a eng 
082 |a 891.470 16  |b  NAT 
245 0 0 |a National bibliography of Indian literature 1901-1980 /  
250 |a 1st ed. 
260 |a New Delhi:  |b Sahitya Akademi,  |c 1990. 
300 |a 408p.. 
362 1 |a 1990. 
365 |a Rs.130/-  |e hb 
650 0 |a Indian literature-Bibliographies 
942 |c REF 
999 |c 7334  |d 7334 
952 |0 0  |1 0  |4 0  |6 891_470000000000000_16_NA  |7 0  |9 7679  |a KUCL  |b KUCL  |d 2014-05-23  |l 0  |o 891.470 16 NA  |p 00584  |r 2017-03-09  |w 2014-05-23  |y REF